Loading...
| Fine Arts - Classical Music | 3 | 10.00 | 4,833% | 267% | 0% |
| Fine Arts - Other | 3 | 10.00 | 0% | 0% | 767% |
| Fine Arts - Painting & Sculpture | 1 | 10.00 | 3,600% | 0% | 0% |
| History - American | 1 | 10.00 | 0% | 0% | 900% |
| History - European | 5 | 4.00 | 0% | 340% | 0% |
| History - World | 2 | 0.00 | 0% | 0% | 0% |
| Literature - American | 3 | 6.67 | 2,700% | 0% | 267% |
| Literature - British | 1 | 10.00 | 0% | 900% | 0% |
| Literature - European | 4 | 10.00 | 1,600% | 200% | 450% |
| Literature - World | 1 | 10.00 | 0% | 0% | 900% |
| Mythology | 1 | 0.00 | 0% | 0% | 0% |
| Other | 4 | 10.00 | 3,625% | 0% | 375% |
| Philosophy | 1 | 10.00 | 0% | 0% | 900% |
| Religion | 4 | 10.00 | 2,025% | 575% | 0% |
| Science - Biology | 2 | 10.00 | 0% | 0% | 900% |
| Science - Chemistry | 2 | 10.00 | 3,200% | 0% | 400% |
| Science - Other | 3 | 6.67 | 2,700% | 0% | 267% |
| Science - Physics | 3 | 10.00 | 2,133% | 267% | 267% |
| Social Science | 3 | 10.00 | 2,133% | 533% | 0% |